000 01235nam a2200325 i 4500
003 EG-GICUC
005 20260121101211.0
008 251111s1989 ua ||||fr|||| 00| 0 ara d
017 _a۸۸/۷۷۲۳
020 _a977040425
040 _a EG-GICUC
_bara
_c EG-GICUC
_d EG-GICUC
_erda
041 0 _aara
082 0 4 _221
_a345
_bع ب . أ
092 0 4 _221
099 _aLaw1 07 345 ع ب . أ 1989
100 0 _aعبد المجيد عبد الحفيظ سليمان
_eمؤلف.
245 1 0 _aأصول القانون الإداري /
_cدكتور عبد المجيد عبد الحفيظ سليمان، دكتور محمد أنس قاسم جعفر.
264 1 _aالقاهرة :
_bدار النهضة العربية،
_c1989.
300 _a618 ؛صفحة
_b
_c24 سم.
336 _2rda content
_atext
337 _2rda media
_aComputer
338 _2rda carrier
_aOnline Resource
504 _a. 609-618 ببليوجرافيا: صفحات
546 _aالنص باللغة العربية
650 1 4 _aالقانون الإداري
700 _aمحمد أنس قاسم جعفر
_eمؤلف مشارك.
856 4 0 _uhttps://fll.law.cu.edu.eg/fulltext/bks/B07-00447.pdf
905 _a32
942 _2ddc
_cBK
_e21
_n0
999 _c42670
_d42670